00279nam a2200121Ia 4500008004100000041000900041082001700050100002200067245001700089260003500106300000800141650000800149230718s9999 xx 000 0 und d aEng. a34603bLAL-L aLal, Ratan Dhiraj 0aLaw of tests aPakistanbIrfan Law Bookc2004 a447 aLaw